| Tag |
First Indicator |
Second Indicator |
Subfields |
| LEADER |
00000cam a22000005a 4500 |
| 001 |
in00001265327 |
| 005 |
20220103134253.0 |
| 007 |
cr unu a |
| 008 |
960208s1993 xx a b 000 0 eng d |
| 035 |
|
|
|9 AGW5996AM
|
| 035 |
|
|
|a (OCoLC)34157783
|
| 040 |
|
|
|a TXA
|c TXA
|d UtOrBLW
|
| 049 |
|
|
|a TXAM
|a TXAR
|
| 099 |
|
|
|a 1993
|a Thesis
|a S348
|
| 100 |
1 |
|
|a Schmid, Jennifer Lynn,
|d 1965-
|
| 245 |
1 |
0 |
|a Variations in abundance of intestinal helminths of gadwalls (Anas Strepera), mottled ducks (Anas fulvigula) and ring-necked ducks (Aythya collaris) wintering in eastern Texas /
|c by Jennifer Lynn Schmid.
|
| 264 |
|
1 |
|a [Place of publication not identified] :
|b [publisher not identified] ;
|c 1993.
|
| 300 |
|
|
|a ix, 54 leaves :
|b illustrations ;
|c 28 cm.
|
| 336 |
|
|
|a text
|b txt
|2 rdacontent
|
| 337 |
|
|
|a computer
|b c
|2 rdamedia
|
| 338 |
|
|
|a online resource
|b cr
|2 rdacarrier
|
| 500 |
|
|
|a "Major subject: Wildlife and Fisheries Sciences".
|
| 500 |
|
|
|a Vita.
|
| 502 |
|
|
|b M.S.
|c Texas A&M University
|d 1993.
|
| 504 |
|
|
|a Includes bibliographical references.
|
| 520 |
|
|
|a Free-ranging anatids were collected during the winters of 1990 through 1992 in Freestone, Chambers and Jefferson Counties, Texas. Intestines from 62 gadwalls (Anas Strepera), 13 mottled ducks (Anas fulvigula) and 13 ring- necked ducks (Aythya collaris) were examined for endohelminths. There was no significant difference in total endohelminth abundance between male and female, or juvenile and adult ducks, nor a significant correlation between body weight and parasite load. Parasite diversity decreased through the winter, predominatly due to the increase in abundance of the genus Microsomacanthus. The highest relative density of helminth species occurred in the duodenum and cecae of the hosts. Only one helminth species (Cloacataenia megalops) was found in the cloaca. Twenty-one helminth species, including four genera and six species of Cestoda, one genus and seven species of Digenea, one species of Acanthocephala, and two species of Nematoda, were found. There were also unidentified pseudophylideans. The resident mottled duck was host to more endoheiminth genera than either the gadwall or ring-necked duck, including C. megalops, Diorchis spp., Dicronataenia coronula, Fimbriaria fasciolaris, Microsomacanthus sp. 1 and sp. 2, Sobolevicanthus filumferens, and a pseudophylidean (cestode); Cotylurus flabelliformes, Echinoparyphium flexum, Echinostoma revolutum, Notocotylurus attenuatus, Psilochasmus oxyurus, Psilotrema sp., Zygocotyle lunata (digenean); P. obtusus (acanthocephalan); Trichostrongulus tenuis and Ascaridia gaffl (nematode). Gadwalls were host to C. megalops, Diorchis spp., Hamatolepis teresoides, Microsomacanthus sp. 1 and sp. 2, a pseudophylidean (cestode); Apetemon gracilis, C. flabelliformes, E flexum, E revolutum, N. attenuatus, P. oxyurus, Z lunata (digenean); P. obtusus ; and T tenuis. Ring-necked ducks were host to C. megalops, Diploposthe laevis, Diorchis spp., F fasciolaris, Microsomacanthus sp. 1 and sp. 2, (cestode); C. flabelliformes, E flexum, E revolutum, P. oxyurus, Z lunata; and P. obtusus. In gadwalls, total endohelminth abundance increased from 75 in early winter (October-December) to 395 in late winter (January- April) (p = 0.01 1). Most of this increase is attributed to the genus Microsomacanthus. Polymorphus obtusus abundance increased from 0.5 in early winter to 5.0 in late winter (p 0.034); but most parasites did not exhibit a significant change in abundance through the winter. Zygocotyle lunata prevalence decreased through the winter.
|
| 530 |
|
|
|a Also available online.
|
| 650 |
|
4 |
|a Major wildlife and fisheries sciences.
|
| 856 |
4 |
1 |
|u https://hdl.handle.net/1969.1/ETD-TAMU-1993-THESIS-S348
|z Link to OAKTrust copy
|t 0
|
| 999 |
|
|
|a MARS
|
| 999 |
f |
f |
|s 27328a28-e5a2-3fc5-be6e-a790d00eefe2
|i 081733e7-fb7b-3d88-8ff9-431be982b285
|t 0
|
| 952 |
f |
f |
|p noncirc
|a Texas A&M University
|b J.J. Pickle Campus
|c High Density Repository
|s HDR
|d Remote Storage
|t 0
|e 1993 Thesis S348
|h Other scheme
|i computer -- online resource
|m A14841055702
|
| 952 |
f |
f |
|a Texas A&M University
|b College Station
|c Electronic Resources
|s www_evans
|d Available Online
|t 0
|e 1993 Thesis S348
|h Other scheme
|
| 998 |
f |
f |
|a 1993 Thesis S348
|t 0
|l Available Online
|
| 998 |
f |
f |
|a 1993 Thesis S348
|t 0
|l Remote Storage
|